00371nam a22001337a 450000500170000000800410001704100130005808200130007110000130008424500350009726000500013230000300018265000250021220240514102826.0240514b |||||||| |||| 00| 0 eng d aEnglish  a349 LAW  lEnglish  aThe Law Reports: Appeal Cases  aLondon: bWilliam Clowes and Sons Ltd, c1895 bxxi, 694 pages; c25 cm.  aLegal practicebLaw